000 05015namaa22004211i 4500
003 OSt
005 20250913143003.0
008 250731s2024 ua a|||frm||| 000 0 eng d
040 _aEG-GICUC
_bara
_cEG-GICUC
_dEG-GICUC
_erda
041 0 _aara
_bara
_beng
049 _aإيداع
082 0 4 _a189.1
092 _a189.1
_221
097 _aمــــاجستير
099 _aCai01.06.06.M.Sc.2024.عب.ت
100 0 _a،عبير حسنين علي ابراهيم
_eإعداد.
245 1 2 _aالتأصيل الاسلامي لفلسفة البصريات /
_cاعداد عبير حسنين علي ابراهيم؛ إشراف أ.د. السيد رزق الحجر، أ.د. مجدي عمر.
246 1 5 _aIslamic origination of optics philosophy /
264 0 _c2024.
300 _a182 ورقة:
_bإيضاحيات ؛
_c30 cm. +
_eCD.
336 _atext
_2rda content
337 _aUnmediated
_2rdamedia
338 _avolume
_2rdacarrier
502 _aأطروحة (ماجستير)-جامعة القاهرة، 2024.
504 _aببليوجرافيا: صفحات 176-180.
520 _aوتشمل هذه الرسالة العلم البصري الأصلي في الحضارة الإسلامية كجزء من التطور العلمي، مع تسليط الضوء على دور العلماء والفلاسفة الزجاج الذين استلهموا من القرآن الذي يشجع على استكشاف الكون. في عصرنا الحديث، حيث يُعزى التقدم العلمي غالبًا إلى الحضارة الغربية، ويظهر أنه لا أصل إرجاع فلسفة البصريات وإدراك البصر إلى الحضارة الإسلامية. ناقشت الرسالة نشوء علم البصريات عبر مختلف الحضارات، مع التركيز على جهود العلماء المبدعين في ترجمة ودراسة النظريات البصرية. استخدمت الرسالة منهجًا تجريبيًا لإثبات النتائج، مع الاستشهاد بآيات قرآنية صعبة بالنور والظل، كمصدر للإلهام. صنف الرسالة جهود العلماء إلى ثلاث مراحل: أولها، ترجمة التراث اليوناني وتصحيح الأسباب العلمية؛ ثانيها، توحيد نظريات بصريات بواسطة ابن الهيثم؛ وثالثها، تصحيح علم البصريات من العلماء المسلمين. أخذت نتائج الحضارة الإسلامية في تاثير علم البصريات
520 _aThis thesis examines the origin of optics in Islamic civilization as a part of scientific development, highlighting the role of Muslim scholars and philosophers inspired by the Quran, which encourages the exploration of the universe. In our modern era, where scientific advancement is often attributed to Western civilization, it becomes essential to trace the foundations of the philosophy of optics and visual perception back to Islamic civilization. This necessity arises from the limited revival of scientific heritage on one hand and the lack of knowledge regarding the efforts of ancestors on the other. The thesis discusses the emergence of optics across various civilizations, focusing on the contributions of Muslim scholars in translating and studying optical theories. It employs an experimental methodology to validate results, referencing Quranic verses related to light and shadow as sources of inspiration. The thesis classifies scholars' efforts into three phases: the first phase involves translating Greek heritage and correcting scientific errors; the second phase entails the standardization of optics and its theories by Alhazen; and the third phase consists of the rectification of the science of optics carried out by Muslim scholars. The thesis also addresses the West's adoption of Arabic optical science in the twelfth and thirteenth centuries, covering aspects such as translation, the nature of light, theories of visual perception, and underlying mathematics. The findings underscore the significant role of Islamic civilization in establishing the science of optics, laying the groundwork for modern studies.
530 _aصدر أيضًا كقرص مدمج.
546 _aالنص بالعربية والملخص باللغة الإنجليزية والعربية.
650 7 _aالفلسفة الإسلامية
_2qrmak
653 0 _aعلم البصريات
_aالحضارة الإسلامية
_aعلماء المسلمين
700 0 _aالسيد رزق الحجر
_eمشرف أطروحة.
700 0 _aمجدي عمر
_eمشرف أطروحة.
900 _b01-01-2024
_cالسيد رزق الحجر
_cمجدي عمر
_dعبد الحميد مدكور
_dأحمد فؤاد باشا
_Uجامعة القاهرة
_Fكلية دار العلوم
_Dقسم الفلسفة الإسلامية
905 _aSara
_eAfaf
942 _2ddc
_cTH
_e21
_n0
999 _c173721